000 00619cam a2200145 4500500
005 20260208010539.0
041 _afre
042 _adc
100 1 0 _aGabaude, Jean-Marc
_eauthor
245 0 0 _aYves Charles Zarka (collab. Serge Trottein) (dir.), Comment écrire l’histoire de la philosophie ?, Paris, PUF, 2001, coll. « Quadrige », 336 p., 11,50 E.
260 _c2005.
500 _a14
786 0 _nRevue philosophique de la France et de l'étranger | 130 | 1 | 2005-03-01 | p. 77t-130t | 0035-3833
856 4 1 _uhttps://shs.cairn.info/revue-philosophique-2005-1-page-77t?lang=fr&redirect-ssocas=7080
999 _c1657059
_d1657059